Statistics for Suits Main Characters (difficult)

Click here to take the quiz!

General Stats

  • This quiz has been taken 707 times
  • The average score is 12 of 37

Answer Stats

Answer% Correct
Mike Ross
97%
Harvey Specter
96%
Jessica Pearson
94%
Louis Litt
91%
Rachel Zane
91%
Daniel Hardman
79%
Donna Paulsen
76%
Robert Zane
69%
Travis Tanner
51%
Harold Gunderson
42%
Dana Scott
41%
Katrina Bennett
36%
Sheila Sasz
29%
Edward Darby
26%
Trevor Evans
24%
Jeff Malone
23%
Jenny Griffith
23%
Ava Hessington
18%
Cameron Dennis
17%
Jack Soloff
17%
Stephen Huntley
17%
Edith Ross
16%
Charles Forstman
15%
Jonathan Sidwell
11%
Jimmy
10%
Kyle Durant
10%
Logan Sanders
10%
Nigel Nesbitt
10%
Monica Eton
5%
Tess
5%
Zoe Lawford
5%
Allison Holt
4%
Gretchen Bodinski
4%
Amy
3%
Charles Van Dyke
1%
Lola Jenson
1%
Quentin Sainz
1%

Score Distribution

Percentile by Number Answered

Percent of People with Each Score

Your Score History

You have not taken this quiz